Katalán nacionalizmus napjaink Spanyolországában

Elmentve itt :
Bibliográfiai részletek
Szerző: Ollé Judit
További közreműködők: Zalai Anita (Témavezető)
Dokumentumtípus: Szakdolgozat
Megjelent: 2008
Tárgyszavak:
Online Access:http://diploma.bibl.u-szeged.hu/90288
LEADER 00629nta a2200193 i 4500
001 dipl90288
005 20201216113549.0
008 201216s2008 hu om 0|| zxx d
040 |a SZTE Diploma Repozitórium  |b hun 
041 |a zxx 
100 1 |a Ollé Judit 
245 1 0 |a Katalán nacionalizmus napjaink Spanyolországában  |h [elektronikus dokumentum] /  |c Judit Ollé 
260 |c 2008 
650 4 |a Bölcsészettudományok 
650 4 |a Humanities 
650 4 |a History and archaeology 
650 4 |a History 
700 1 |a Zalai Anita  |e ths 
856 4 0 |u http://diploma.bibl.u-szeged.hu/id/eprint/90288/1/2008_olle_judit.pdf  |z Dokumentum-elérés